000 00694nam a22002177a 4500
005 20260515115120.0
008 260309b |||||||| |||| 00| 0 eng d
020 _a9789381695432
040 _aIN-DiNC
_cIN-DiNC
041 _deng
082 _a657.3
_bCHA
100 _aChaudhury, Suman Kalyan
_eauthor
245 _aFinancial services in India/
_cby Suman Kalyan Chaudhury, Santanu Kuma Das and Chandra Sekhar Pattnaik
250 _a1st ed.
260 _aNew Delhi:
_bGlobal Academic publishers & distributors,
_c2017.
300 _a336p.
650 _aIndian financial services
700 _aDas, Santanu Kuma
_eauthor
700 _aPattnaik, Chandra Sekhar
_eauthor
942 _2ddc
_cBK
999 _c12289
_d12289